| 000 | 00000nam##2200000za#4500 |
| 001 | 9.590787 |
| 003 | CaOODSP |
| 005 | 20250403104942 |
| 007 | cr ||||||||||| |
| 008 | 150406|2001||||xxc|||||o f|0| 0 fre|d |
| 020 | |a0-660-96463-5 |
| 022 | |a1205-9161 |
| 040 | |aCaOODSP|bfre |
| 043 | |an-cn--- |
| 086 | 1 |aCS11-0019/163F-IN |
| 245 | 00|aL'incidence de la mobilité interprovinciale sur les gains des particuliers : |h[ressource électronique]|bestimations de modèles par panel pour le Canada / |cpar Ross Finnie. |
| 260 | |aOttawa - Ontario : |bStatistique Canada |cOctobre 2001. |
| 300 | |a49p.|bgraphiques, références, tableaux |
| 490 | 1 |aDocuments de recherche - Direction des études analytiques|x1205-9161|vN° 163 |
| 520 | 3 |a« Cet article vise donc à exploiter la Banque de données administrative longitudinales (BDAL) créée par Statistique Canada à partir des dossiers de déclarations de Revenu Canada et mise à la disposition des utilisateurs depuis peu en vue de traiter un aspect particulier de la question: l'incidence de la mobilité interprovinciale sur les gains des particuliers. »--Introduction |
| 590 | |a12-37-Supp|b2012-09-24 |
| 710 | 2 |aStatistique Canada. |
| 720 | 1 |aFinnie, Ross |
| 775 | 08|tThe effects of inter-provincial mobility on individuals' earnings : |w(CaOODSP)9.557534 |
| 776 | 0#|tL'incidence de la mobilité interprovinciale sur les gains des particuliers : |w(CaOODSP)9.625523 |
| 830 | #0|aDocuments de recherche (Statistique Canada. Direction des études analytiques)|x1205-9161|vN° 163|w(CaOODSP)9.500842 |
| 856 | 40|ahttp://publications.gc.ca|qPDF|s387 Ko|uhttps://publications.gc.ca/collections/Collection/CS11-0019-163F.pdf|yN° 163 |